University Home | Library Home | Institutional Repository

Webster's biographical dictionary. (Record no. 170489)

MARC details
000 -LEADER
fixed length control field 00713cam3a220024100 4500
001 - CONTROL NUMBER
control field lce00864026
008 - FIXED-LENGTH DATA ELEMENTS--GENERAL INFORMATION
fixed length control field 730823s1974 mau d 000 0ceng
010 ## - LIBRARY OF CONGRESS CONTROL NUMBER
LC control number 73014908 //r88
020 ## - INTERNATIONAL STANDARD BOOK NUMBER
International Standard Book Number 0877792437
020 ## - INTERNATIONAL STANDARD BOOK NUMBER
Terms of availability
-- 2.95
035 ## - SYSTEM CONTROL NUMBER
System control number (Sirsi) r63360
035 ## - SYSTEM CONTROL NUMBER
System control number (DLC) 73014908 //r88
035 ## - SYSTEM CONTROL NUMBER
System control number (UPRA)lce00864026
040 ## - CATALOGING SOURCE
Modifying agency UPRA
050 0# - LIBRARY OF CONGRESS CALL NUMBER
Classification number CT103
Item number .W4 1974
082 ## - DEWEY DECIMAL CLASSIFICATION NUMBER
Classification number 920/.02
245 00 - TITLE STATEMENT
Title Webster's biographical dictionary.
260 ## - PUBLICATION, DISTRIBUTION, ETC.
Place of publication, distribution, etc. Springfield, MA :
Name of publisher, distributor, etc. G. & C. Merrian Co.,
Date of publication, distribution, etc. [1974]
500 ## - GENERAL NOTE
General note "A Merriam-Webster."
650 #0 - SUBJECT ADDED ENTRY--TOPICAL TERM
Topical term or geographic name entry element Biography -- Dictionaries.
General subdivision Biography -- Dictionaries.
Linkage S16235.1
949 ## - LOCAL PROCESSING INFORMATION (OCLC)
a CT103
w lcc
i -84164
m MAIN
p 1500
t BOOK
l ON-SHELF

No items available.

© 2026 - The University of Zambia Library - Koha v25.11